000
00302nam a22001337a 4500
008
260211b ||||| |||| 00| 0 eng d
020
_a
9788800806770
041
_a
ital
080
_a
3.0
100
_a
20
101
_a
ital
245
_a
IL Castello Del Mistero
_c
Beatrice Fontana
942
_2
lcc
_c
BK
999
_c
60781
_d
60781